Seguros: exposición crítica de las Leyes 17.418 y 20.091
Salvato in:
| Autore principale: | |
|---|---|
| Natura: | Libro |
| Lingua: | spagnolo |
| Pubblicazione: |
Buenos Aires
Depalma
1986
|
| Edizione: | 2a. ed |
| Soggetti: | |
| Tags: |
Aggiungi Tag
Nessun Tag, puoi essere il primo ad aggiungerne!!
|
MARC
| LEADER | 00000nam a2200000 a 4500 | ||
|---|---|---|---|
| 001 | UCV1444 | ||
| 003 | CL-VaPUC | ||
| 008 | 900625e19860000AG |||||||||||||||||spa|d | ||
| 082 | 0 | 4 | |a 346.086 |b HAL |2 21 |
| 100 | |a Halperin, Isaac |e author |9 295705 | ||
| 245 | 1 | 0 | |a Seguros: exposición crítica de las Leyes 17.418 y 20.091 |
| 250 | |a 2a. ed | ||
| 300 | |a 2 v | ||
| 942 | |c BK | ||
| 945 | |d 19900625 00:00:00 | ||
| 260 | |a Buenos Aires |b Depalma |c 1986 | ||
| 650 | 7 | |a SEGUROS |2 CL-VaPUC |9 295706 | |
| 650 | 0 | |a Derecho y legislación |9 255077 | |
| 650 | 7 | |a COMPAÑIAS DE SEGURO |2 CL-VaPUC |9 256439 | |
| 651 | 0 | |a Argentina |9 254888 | |
| 583 | |a last modification |c 19900625 00:00:00 |k Rodrigo Vera | ||
| 999 | |c 209398 |d 209396 | ||
| 952 | |0 0 |1 0 |4 0 |6 346_086000000000000_HAL_1986 |7 0 |8 A |9 184770 |a BIBDER |b BIBDER |d 2019-11-14 |h v.1 |i 2520907 |o 346.086 HAL 1986 |p 2520907 |r 2023-01-25 |w 2019-11-14 |y BK |k DER | ||
| 952 | |0 0 |1 0 |4 0 |6 346_086000000000000_HAL_1986 |7 0 |8 A |9 184771 |a BIBDER |b BIBDER |d 2019-11-14 |h v.2 |i 2520915 |o 346.086 HAL 1986 |p 2520915 |r 2023-01-25 |w 2019-11-14 |y BK |k DER | ||